Statistics for Think you can name all of Michael Jackson's songs just by a song lyric?

Click here to take the quiz!

General Stats

  • This quiz has been taken 1,007 times
    (1,006 since last reset)
  • The average score is 12 of 18

Answer Stats

Hint Answer % Correct
"It's close to midnight and something evil's lurking in the dark"Thriller
95%
"But the kid is not my son"Billie Jean
94%
"Annie are you okay?"Smooth Criminal
93%
"Your butt is mine, gonna take you right, just show your face in broad daylight"Bad
86%
"I'm gonna change, for once in my life, it's gonna feel good, gonna make a difference gonna make it right"Man in the Mirror
86%
"They told him don't you come 'round here, don't wanna see your face, you better disappear"Beat It
85%
"Hey pretty baby with your high heels on, you give me fever like I've never, ever known"The Way You Make Me Feel
78%
"I took my baby on a Saturday bang, boy is that girl with you, yes we're one and the same"Black or White
73%
"You got to feel that heat, and we can ride the boogie, share that beat of love"Rock With You
67%
"I said my baby's at home, she's probably worried tonight, I didn't call on the phone to say that I'm alright"Dirty Diana
64%
"Beat me, hate me, you can never break me"They Don't Care About Us
62%
"Where did you come from lady and ooh, won't you take me there, right away won't you baby"P.Y.T / Pretty Young Thing
57%
"Just stop doggin' me around"Leave Me Alone
53%
"Tired of injustice, tired of the schemes, the lies are disgusting, so what does it mean?"Scream
48%
"There comes a time when we heed a certain call, when the world must come together as one."We Are The World
43%
"Lovely is the feelin' now, Fever, temperature's risin' now"Don't Stop 'Til You Get Enough
40%
"Like a comet blazing across the evening sky, .... , like a rainbow fading in the twinkling of an eye"Gone Too Soon
29%
"All the things we said like, I love you so, I'll never let you go"Remember the Time
26%

Score Distribution

Percentile by Number Answered

Percent of People with Each Score

Your Score History

You have not taken this quiz since the last reset